| 000 | 00797nam a22002537a 4500 | ||
|---|---|---|---|
| 005 | 20170124105927.0 | ||
| 010 | _a327600 | ||
| 020 | _c00.00 | ||
| 035 | _a327600 | ||
| 037 | _bCen Lib/Ret | ||
| 040 |
_aDPL _bEN |
||
| 082 |
_a398.3 _bVET |
||
| 100 |
_aVetter,George B. _96800 |
||
| 245 |
_aMagic and religion : _cby George B.Vetter _bTheir psychological nature origin and function / |
||
| 260 |
_aNew York _bPhilosophical library _c1958 |
||
| 270 |
_aNew York _bNew York |
||
| 300 |
_a555p. _c19cm(Hb) |
||
| 500 | _aIncludes index | ||
| 650 |
_aPsychology, Religious _96801 |
||
| 650 |
_aMagical thinking _96802 |
||
| 650 |
_aधार्मिक मनोविज्ञान _972563 |
||
| 650 |
_aजादुई सोच _972564 |
||
| 942 |
_2ddc _cEN _h398.3 _mVET |
||
| 999 |
_c123548 _d123548 |
||